Seminar de fizica teoretica 1 (Record no. 66755)
[ view plain ]
| 000 -LEADER | |
|---|---|
| fixed length control field | 00363nam a2200109 4500 |
| 008 - FIXED-LENGTH DATA ELEMENTS--GENERAL INFORMATION | |
| fixed length control field | 240910b |||||||| |||| 00| 0 eng d |
| 040 ## - CATALOGING SOURCE | |
| Original cataloging agency | National Science Library |
| Transcribing agency | National Science Library |
| 080 ## - UNIVERSAL DECIMAL CLASSIFICATION NUMBER | |
| Universal Decimal Classification number | 53(0822)=590 |
| Item number | K8.1 |
| 245 ## - TITLE STATEMENT | |
| Title | Seminar de fizica teoretica 1 |
| 260 ## - PUBLICATION, DISTRIBUTION, ETC. | |
| Place of publication, distribution, etc. | Bucuresti |
| Name of publisher, distributor, etc. | Editura academiei republicii socialiste romania |
| Date of publication, distribution, etc. | 1968 |
| 942 ## - ADDED ENTRY ELEMENTS (KOHA) | |
| Koha item type | Reference |
| Source of classification or shelving scheme | Universal Decimal Classification |
| Withdrawn status | Lost status | Source of classification or shelving scheme | Damaged status | Not for loan | Home library | Current library | Shelving location | Date acquired | Total Checkouts | Full call number | Barcode | Date last seen | Price effective from | Koha item type |
|---|---|---|---|---|---|---|---|---|---|---|---|---|---|---|
| Universal Decimal Classification | National Science Library | National Science Library | GF | 10/09/1968 | 53(082.2)=590, K8.1 | 23164 | 10/09/2024 | 10/09/1968 | Reference |